000 00828nam a22002292 4500
001 0000007208
005 20151217152026.0
008 071130s xx 000 0 eng d
020 _a1403986363 :
_cKES 2812.50
040 _aKABU
_cKABU
100 1 _aHamilton, Stewart.
_@0000158333
245 1 0 _aGreed and corporate failure :
_bthe lessons from recent disasters /
_cStewart Hamilton and Alicia Micklethwait.
260 _aBasingstoke, England :
_bPalgrave Macmillan,
_c2006.
300 _axvi, 207 p.
650 0 _aBusiness failure
_xCase studies.
_@0000158334
650 0 _aCorporations
_xFinance.
_@0000007704
650 0 _aAccounting
_xCorrupt practices
_xCase studies.
_@0000158335
700 1 _aMicklethwait, Alicia.
_@0000158336
908 _a071130
950 _@1
999 _c7454
_d7454